Fundamentals of biology / (Record no. 6142)

MARC details
000 -LEADER
fixed length control field 01069nam a22003017i 4500
003 - CONTROL NUMBER IDENTIFIER
control field URS
005 - DATE AND TIME OF LATEST TRANSACTION
control field 20220117090706.0
008 - FIXED-LENGTH DATA ELEMENTS--GENERAL INFORMATION
fixed length control field 180917s2011 ph a|||| |||| 001 0 eng |
020 ## - INTERNATIONAL STANDARD BOOK NUMBER
International Standard Book Number 9789712359217
040 ## - CATALOGING SOURCE
Language of cataloging eng
Transcribing agency URS
Description conventions rda
050 10 - LIBRARY OF CONGRESS CALL NUMBER
Classification number QH 308.2
Item number F7652 2011
100 1# - MAIN ENTRY--PERSONAL NAME
Personal name Formacion, Minda J.,
Relator term author
245 10 - TITLE STATEMENT
Title Fundamentals of biology /
Statement of responsibility, etc. Minda J. Formacion ... [and 3 others]
264 #1 - PRODUCTION, PUBLICATION, DISTRIBUTION, MANUFACTURE, AND COPYRIGHT NOTICE
Place of production, publication, distribution, manufacture Recto, Manila :
Name of producer, publisher, distributor, manufacturer Rex Book Store,
Date of production, publication, distribution, manufacture, or copyright notice [date of publication not identified]
264 #4 - PRODUCTION, PUBLICATION, DISTRIBUTION, MANUFACTURE, AND COPYRIGHT NOTICE
Date of production, publication, distribution, manufacture, or copyright notice ©2011
300 ## - PHYSICAL DESCRIPTION
Extent xi, 313 pages :
Other physical details illustrations ;
Dimensions 22 cm
336 ## - CONTENT TYPE
Source rdacontent
Content type term text
Content type code txt
336 ## - CONTENT TYPE
Source rdacontent
Content type term still image
Content type code sti
337 ## - MEDIA TYPE
Source rdamedia
Media type term unmediated
Media type code n
338 ## - CARRIER TYPE
Source rdacarrier
Carrier type term volume
Carrier type code nc
504 ## - BIBLIOGRAPHY, ETC. NOTE
Bibliography, etc. note Includes bibliographical references and index.
524 ## - PREFERRED CITATION OF DESCRIBED MATERIALS NOTE
Preferred citation of described materials note Formacion and others (2011). Fundamentals of biology. Recto, Manila: Rex Book Store.
650 #0 - SUBJECT ADDED ENTRY--TOPICAL TERM
Topical term or geographic name entry element Biology
Chronological subdivision Textbooks
700 1# - ADDED ENTRY--PERSONAL NAME
Personal name Geduspan, Jane S.,
Relator term author
700 1# - ADDED ENTRY--PERSONAL NAME
Personal name Gacutan, Ma. Vicenta C.,
Relator term author
700 1# - ADDED ENTRY--PERSONAL NAME
Personal name Katalbas, Ma. Severa Fe S.,
Relator term author
942 ## - ADDED ENTRY ELEMENTS (KOHA)
Source of classification or shelving scheme Library of Congress Classification
Koha item type Filipiniana
Holdings
Withdrawn status Source of classification or shelving scheme Damaged status Not for loan Collection code Home library Current library Shelving location Date acquired Total Checkouts Full call number Barcode Date last seen Price effective from Koha item type Source of acquisition Copy number
  Library of Congress Classification     Non-fiction Cardona College LIbrary Cardona College LIbrary General Stacks 03/05/2019   QH 308.2 F7652 2011 URSCAR-1559 03/05/2019 03/05/2019 Filipiniana    
  Library of Congress Classification     Non-fiction Pililla College Library Pililla College Library General Stacks 04/13/2016   574 F76f 2011 URSPIL-4534. 07/19/2018 04/13/2016 Filipiniana purchased 1
  Library of Congress Classification     Non-fiction Pililla College Library Pililla College Library General Stacks 04/13/2016   574 F76f 2011 URSPIL-4535 07/19/2018 04/13/2016 Filipiniana purchased 2
  Library of Congress Classification     Non-fiction Pililla College Library Pililla College Library General Stacks 10/10/2017   574 F76f 2011 URSPIL-4536 07/19/2018 10/10/2017 Filipiniana   3

University of Rizal System
Email us at univlibservices@urs.edu.ph

Visit our Website www.urs.edu.ph/library